| 000 | 01505nam0a22002651 4500 | ||
|---|---|---|---|
| 001 | rc\548404 | ||
| 005 | 20250621125625.0 | ||
| 035 | _a(NLR Aleph) 005784639 | ||
| 090 |
_a5140747 _c5140747 |
||
| 100 | _a20030616d1987 |||y0rusy50 ca | ||
| 101 | 0 | _arus | |
| 102 | _aRU | ||
| 105 | _aa ||||||||| | ||
| 200 | 1 |
_aЧекисты _eСборник _f[Сост. А.Н. Николаев] |
|
| 210 |
_aМ. _cМол. гвардия _d1987 |
||
| 215 |
_a413, [2], [24] л. ил. _d22 |
||
| 225 | 1 |
_aЖизнь замечательных людей _eСер. биогр. _eОсн. в 1933 г. М. Горьким _vВып. 15 (682) |
|
| 327 | 1 | _aСодерж.: О И.К. Ксенофонтове, Я.Х. Петерсе, М.С. Кедрове, М.А. Трилиссере, Е.Г. Евдокимове, Г.С. Сыроежкине, Н.А. Прокопюке, С.А. Ваупшасове | |
| 464 | 0 |
_12001#$aО И.К. Ксенофонтове, Я.Х. Петерсе, М.С. Кедрове, М.А. Трилиссере, Е.Г. Евдокимове, Г.С. Сыроежкине, Н.А. Прокопюке, С.А. Ваупшасове _tО И.К. Ксенофонтове, Я.Х. Петерсе, М.С. Кедрове, М.А. Трилиссере, Е.Г. Евдокимове, Г.С. Сыроежкине, Н.А. Прокопюке, С.А. Ваупшасове |
|
| 702 | 1 |
_aНиколаев _bА.Н. _4220 |
|
| 801 | 0 |
_aRU _bNLR _gpsbo |
|
| 801 | 1 |
_aRU _bELAR _2rusmarc |
|
| 852 |
_aNLR _j87-3/13760 |
||
| 942 | _cBOOK | ||
| 980 | _aNB | ||